| 000 | 00822nam a22002537a 4500 | ||
|---|---|---|---|
| 001 | BR7304426 | ||
| 003 | BR-BrBNA | ||
| 005 | 20230928084029.0 | ||
| 007 | ta | ||
| 008 | 230509b bl.||||| |||| 00| 0 por d | ||
| 040 |
_aBR-BrBNA _bpor _cBiblioteca Nacional de Agricultura |
||
| 041 | _a(Por) | ||
| 072 |
_aE70 _b9320 _b/G514 |
||
| 090 | _ 9320 BR7304426 | ||
| 110 | 1 |
_aCooperativa Central dos Produtores de Acucar e Alcool do Estado de Sao Paulo, Sao Paulo (Brasil) _92827 |
|
| 245 | 1 | _aZoneamento de vendas [Acucar; Comercializacao; Brasil] | |
| 260 | 3 |
_aSao Paulo, SP (Brasil): _c1969. |
|
| 300 | _a63 p. | ||
| 500 | _a(*) Documento disponível no(a) Instituto do Acucar e do Alcool, Rio de Janeiro, RJ (Brazil) | ||
| 650 | _aACUCAR | ||
| 650 | _aVENDA | ||
| 909 |
_a202309 _bLucia _c55 _dLucia Elande |
||
| 942 | _cBK | ||
| 999 |
_c16430 _d16430 |
||